Nghiên cứu khả năng chống chịu của một số loài thực vật mọng nước trên nền bùn đỏ trung hoà : Luận văn Thạc sĩ Sinh học /

Đã lưu trong:
書目詳細資料
主要作者: Phan Quốc Chính.
其他作者: Lê Xuân Thám, PGS.TS. (hướng dẫn.)
格式: Luận văn
語言:Vietnamese
出版: Đà Lạt : Trường Đại học Đà lạt, 2011.
主題:
標簽: 添加標簽
沒有標簽, 成為第一個標記此記錄!
Thư viện lưu trữ: Thư viện Trường Đại học Đà Lạt
LEADER 01217nam a2200301 4500
001 DLU120137601
005 ##20120719
040 # # |a DLU  |b vie 
041 # # |a vie 
044 # # |a vn 
082 # # |a 553.492 6  |b PH-C 
100 # # |a Phan Quốc Chính. 
245 # # |a Nghiên cứu khả năng chống chịu của một số loài thực vật mọng nước trên nền bùn đỏ trung hoà :  |b Luận văn Thạc sĩ Sinh học /  |c Phan Quốc Chính; Lê Xuân Thám hướng dẫn. 
260 # # |a Đà Lạt :  |b Trường Đại học Đà lạt,  |c 2011. 
300 # # |a 56 tr. :  |b minh hoạ ;  |c 29 cm. 
504 # # |a Tài liệu tham khảo: tr.56. 
653 # # |a Quặng bauxit  |a Bùn đỏ  |a Chất thải rắn  |a Xử lý chất thải  |a Cải tạo đất  |a Cây chịu mặn  |a Sinh lý học thực vật  |a Sinh thái học thực vật 
700 # # |a Lê Xuân Thám,  |c PGS.TS.  |e hướng dẫn. 
915 # # |a Sinh học thực nghiệm  |b 604230  |c Thạc sĩ  |d Trường Đại học Đà lạt  |e Bộ Giáo dục và Đào tạo. 
992 # # |a 0 
994 # # |a DLU 
900 # # |a True 
911 # # |a Đào Thị Thu Huyền 
925 # # |a G 
926 # # |a A 
927 # # |a LA 
980 # # |a Thư viện Trường Đại học Đà Lạt